<?xml version="1.0" encoding="UTF-8"?>
<record
    xmlns:xsi="http://www.w3.org/2001/XMLSchema-instance"
    xsi:schemaLocation="http://www.loc.gov/MARC21/slim http://www.loc.gov/standards/marcxml/schema/MARC21slim.xsd"
    xmlns="http://www.loc.gov/MARC21/slim">

  <leader>01609nam a22001937a 4500</leader>
  <datafield tag="999" ind1=" " ind2=" ">
    <subfield code="c">62871</subfield>
    <subfield code="d">62871</subfield>
  </datafield>
  <controlfield tag="003">Ge_BSU</controlfield>
  <controlfield tag="005">20250313154239.0</controlfield>
  <controlfield tag="008">250313s1938    ge ||||| |||| 00| 0 geo d</controlfield>
  <datafield tag="041" ind1=" " ind2=" ">
    <subfield code="a">geo</subfield>
  </datafield>
  <datafield tag="080" ind1=" " ind2=" ">
    <subfield code="a">618.1 : 616.4 &#x10E9;-24</subfield>
  </datafield>
  <datafield tag="100" ind1=" " ind2=" ">
    <subfield code="a">&#x10E9;&#x10D0;&#x10E0;&#x10D9;&#x10D5;&#x10D8;&#x10D0;&#x10DC;&#x10D8;, &#x10D8;.</subfield>
    <subfield code="9">24553</subfield>
  </datafield>
  <datafield tag="245" ind1=" " ind2=" ">
    <subfield code="a">&#x10F0;&#x10D8;&#x10DE;&#x10D4;&#x10E0;&#x10F0;&#x10DD;&#x10E0;&#x10DB;&#x10DD;&#x10DC;&#x10D0;&#x10DA;&#x10E3;&#x10E0;&#x10D8; &#x10DB;&#x10DD;&#x10E8;&#x10DA;&#x10D8;&#x10DA;&#x10DD;&#x10D1;&#x10D0;&#x10DC;&#x10D8; :</subfield>
    <subfield code="b">&#x10D4;&#x10E5;&#x10E1;&#x10DE;&#x10D4;&#x10E0;&#x10D8;&#x10DB;&#x10D4;&#x10DC;&#x10E2;&#x10E3;&#x10DA;&#x10D8; &#x10D2;&#x10D0;&#x10DB;&#x10DD;&#x10D9;&#x10D5;&#x10DA;&#x10D4;&#x10D5;&#x10D0; = &#x41E; &#x433;&#x438;&#x43F;&#x435;&#x440;&#x433;&#x43E;&#x440;&#x43C;&#x43E;&#x43D;&#x430;&#x43B;&#x44C;&#x43D;&#x44B;&#x445; &#x43D;&#x430;&#x440;&#x443;&#x448;&#x435;&#x43D;&#x438;&#x44F;&#x445; : (&#x42D;&#x43A;&#x441;&#x43F;&#x435;&#x440;&#x438;&#x43C;&#x435;&#x43D;&#x442;&#x430;&#x43B;&#x44C;&#x43D;&#x43E;&#x435; &#x43D;&#x430;&#x431;&#x43B;&#x44E;&#x434;&#x435;&#x43D;&#x438;&#x435;) = Recherches experimentales sur les troubles causes par l'Hypercrinie hormonale /  /</subfield>
    <subfield code="c"> &#x10DB;&#x10D4;&#x10D3;. &#x10DB;&#x10D4;&#x10EA;&#x10DC;. &#x10D9;&#x10D0;&#x10DC;&#x10D3;. &#x10D8;. &#x10E9;&#x10D0;&#x10E0;&#x10D9;&#x10D5;&#x10D8;&#x10D0;&#x10DC;&#x10D8;; &#x10D7;&#x10D1;&#x10D8;&#x10DA;&#x10D8;&#x10E1;&#x10D8;&#x10E1; &#x10E1;&#x10D0;&#x10EE;&#x10D4;&#x10DA;&#x10DB;&#x10EC;&#x10D8;&#x10E4;&#x10DD; &#x10E1;&#x10D0;&#x10DB;&#x10D4;&#x10D3;&#x10D8;&#x10EA;&#x10D8;&#x10DC;&#x10DD; &#x10D8;&#x10DC;&#x10E1;&#x10E2;&#x10D8;&#x10E2;&#x10E3;&#x10E2;&#x10D8;&#x10E1; &#x10DB;&#x10D4;-II &#x10E1;&#x10D0;&#x10DB;&#x10D4;&#x10D0;&#x10DC;&#x10DD;-&#x10D2;&#x10D8;&#x10DC;&#x10D4;&#x10D9;&#x10DD;&#x10DA;&#x10DD;&#x10D2;&#x10D8;&#x10E3;&#x10E0;&#x10D8; &#x10D9;&#x10DA;&#x10D8;&#x10DC;&#x10D8;&#x10D9;&#x10D8;&#x10D3;&#x10D0;&#x10DC; &#x10D2;&#x10D0;&#x10DB;&#x10D2;&#x10D4; &#x10DE;&#x10E0;&#x10DD;&#x10E4;&#x10D4;&#x10E1;&#x10DD;&#x10E0;&#x10D8; &#x10D2;.&#x10D2;. &#x10E6;&#x10D0;&#x10DB;&#x10D1;&#x10D0;&#x10E0;&#x10D0;&#x10E8;&#x10D5;&#x10D8;&#x10DA;&#x10D8;.</subfield>
  </datafield>
  <datafield tag="264" ind1=" " ind2=" ">
    <subfield code="a">&#x10D1;&#x10D0;&#x10D7;&#x10E3;&#x10DB;&#x10D8; :</subfield>
    <subfield code="b">&#x10D0;&#x10ED;&#x10D0;&#x10E0;&#x10D8;&#x10E1; &#x10D4;&#x10E5;&#x10D8;&#x10DB;&#x10D7;&#x10D0; &#x10E1;&#x10D0;&#x10DB;&#x10D4;&#x10EA;&#x10DC;. &#x10E1;&#x10D0;&#x10D6;-&#x10D1;&#x10D0;, </subfield>
    <subfield code="c">1938.</subfield>
  </datafield>
  <datafield tag="300" ind1=" " ind2=" ">
    <subfield code="a">152 &#x10D2;&#x10D5;. ;</subfield>
    <subfield code="b">24 &#x10E1;&#x10DB;.</subfield>
  </datafield>
  <datafield tag="504" ind1=" " ind2=" ">
    <subfield code="a">&#x10D1;&#x10D8;&#x10D1;&#x10DA;&#x10D8;&#x10DD;&#x10D2;&#x10E0;.: &#x10DA;&#x10D8;&#x10E2;&#x10D4;&#x10E0;&#x10D0;&#x10E2;&#x10E3;&#x10E0;&#x10D0; &#x10E5;&#x10D0;&#x10E0;&#x10D7;&#x10E3;&#x10DA; &#x10D3;&#x10D0; &#x10E0;&#x10E3;&#x10E1;&#x10E3;&#x10DA; &#x10D4;&#x10DC;&#x10D4;&#x10D1;&#x10D6;&#x10D4; (&#x10D2;&#x10D5;. 141-146), &#x10E3;&#x10EA;&#x10EE;&#x10DD;&#x10D4;&#x10D7;&#x10D8;&#x10E1; &#x10DA;&#x10D8;&#x10E2;&#x10D4;&#x10E0;&#x10D0;&#x10E2;&#x10E3;&#x10E0;&#x10D0; (&#x10D2;&#x10D5;. 147-152).</subfield>
  </datafield>
  <datafield tag="653" ind1=" " ind2=" ">
    <subfield code="a">&#x10F0;&#x10D8;&#x10DE;&#x10D4;&#x10E0;&#x10F0;&#x10DD;&#x10E0;&#x10DB;&#x10DD;&#x10DC;&#x10D0;&#x10DA;&#x10E3;&#x10E0;&#x10D8; &#x10DB;&#x10DD;&#x10E8;&#x10DA;&#x10D8;&#x10DA;&#x10DD;&#x10D1;&#x10D0;&#x10DC;&#x10D8;</subfield>
  </datafield>
  <datafield tag="653" ind1=" " ind2=" ">
    <subfield code="a">&#x10DB;&#x10D4;&#x10D3;&#x10D8;&#x10EA;&#x10D8;&#x10DC;&#x10D0;</subfield>
  </datafield>
  <datafield tag="942" ind1=" " ind2=" ">
    <subfield code="2">udc</subfield>
    <subfield code="c">&#x1CAC;&#x1C98;&#x1C92;&#x1C9C;&#x1C98;</subfield>
  </datafield>
  <datafield tag="952" ind1=" " ind2=" ">
    <subfield code="0">0</subfield>
    <subfield code="1">0</subfield>
    <subfield code="2">udc</subfield>
    <subfield code="4">0</subfield>
    <subfield code="6">6181__6164_&#x10E9;24</subfield>
    <subfield code="7">0</subfield>
    <subfield code="9">102288</subfield>
    <subfield code="a">CPL</subfield>
    <subfield code="b">CPL</subfield>
    <subfield code="c">GEN</subfield>
    <subfield code="d">2025-03-13</subfield>
    <subfield code="g">2.00</subfield>
    <subfield code="o">618.1 : 616.4 &#x10E9;-24</subfield>
    <subfield code="p">70758</subfield>
    <subfield code="r">2025-03-13</subfield>
    <subfield code="t">70758</subfield>
    <subfield code="w">2025-03-13</subfield>
    <subfield code="y">&#x1CAC;&#x1C98;&#x1C92;&#x1C9C;&#x1C98;</subfield>
    <subfield code="z">2 &#x10DA;.</subfield>
  </datafield>
  <datafield tag="952" ind1=" " ind2=" ">
    <subfield code="0">0</subfield>
    <subfield code="1">0</subfield>
    <subfield code="2">udc</subfield>
    <subfield code="4">0</subfield>
    <subfield code="6">6181__6164_&#x10E9;24</subfield>
    <subfield code="7">0</subfield>
    <subfield code="9">102289</subfield>
    <subfield code="a">CPL</subfield>
    <subfield code="b">CPL</subfield>
    <subfield code="c">GEN</subfield>
    <subfield code="d">2025-03-13</subfield>
    <subfield code="g">2.00</subfield>
    <subfield code="o">618.1 : 616.4 &#x10E9;-24</subfield>
    <subfield code="p">70759</subfield>
    <subfield code="r">2025-03-13</subfield>
    <subfield code="t">70759</subfield>
    <subfield code="w">2025-03-13</subfield>
    <subfield code="y">&#x1CAC;&#x1C98;&#x1C92;&#x1C9C;&#x1C98;</subfield>
    <subfield code="z">2 &#x10DA;.</subfield>
  </datafield>
  <datafield tag="952" ind1=" " ind2=" ">
    <subfield code="0">0</subfield>
    <subfield code="1">0</subfield>
    <subfield code="2">udc</subfield>
    <subfield code="4">0</subfield>
    <subfield code="6">6181__6164_&#x10E9;24</subfield>
    <subfield code="7">0</subfield>
    <subfield code="9">102290</subfield>
    <subfield code="a">CPL</subfield>
    <subfield code="b">CPL</subfield>
    <subfield code="c">GEN</subfield>
    <subfield code="d">2025-03-13</subfield>
    <subfield code="g">2.00</subfield>
    <subfield code="o">618.1 : 616.4 &#x10E9;-24</subfield>
    <subfield code="p">70760</subfield>
    <subfield code="r">2025-03-13</subfield>
    <subfield code="t">70760</subfield>
    <subfield code="w">2025-03-13</subfield>
    <subfield code="y">&#x1CAC;&#x1C98;&#x1C92;&#x1C9C;&#x1C98;</subfield>
    <subfield code="z">2 &#x10DA;.</subfield>
  </datafield>
</record>
